00565 2200193 4500001002100000005001500021035002000036245010100056100001900157250000600176300003100182700002100213260004800234082001000282084001600292020002200308650002400330990001700354INLIS00000000000039920181016110024 a0010-10180000891 aSeri Keterampilan :bKamu Bisa Membuat Hiasan Rambut /cPutri Dewi M.R; Editor, Risman Sikumbang0 aPutri Dewi M.R a- a64 hlm. :bilus. ;c25 cm.0 aRisman Sikumbang aBogor :bYudhistira Ghalia Indonesia,c2008 a745.5 a745.5 PUT s a978-979-019-205-8 aKeterampilan Tangan a01524/P/2018